000 01783nam0a2200373 4500
001 RU\NLR\BIBL_A\022582046
005 20260420050538.0
010 _a978-5-4439-4766-2
_92000
021 _aRU
_bКН-П-25-028027
_9КН-П-25-2779
035 _a(NLR Aleph) 022582046
090 _a13677289
_c13677289
100 _a20250708d2025 u y0rusy50 ca
101 0 _arus
102 _aRU
105 _aa j 000yy
181 0 _ai3
_baxxe
182 0 _an
200 1 _aКлетки и таблицы
_fИ. Я. Сиротовский
203 _aТекст
_bвизуальный
_cнепосредственный
205 _a2-е изд., стер.
210 _aМосква
_cИзд-во Московского центра непрерывного математического образования
_d2025
215 _a156 с.
_cил.
_d20
225 1 _aШкольные математические кружки
_fредкол.: ... А. В. Шаповалов (отв. ред.), И. В. Ященко
_vвып. 26
313 _a1-е изд. 2023 г.
320 _aБиблиогр.: с. 154 (4 назв.)
606 1 _aМатематика
_jУчебно-методические пособия для средней школы
_xЗадачи
_xРешение
_92078426
_3RU\NLR\AUTH\661254281
606 1 _aШкольные математические кружки
_jУчебно-методические пособия для средней школы
_xПреподавание
_92131464
_3RU\NLR\AUTH\661589931
686 1 _aВ10я721-41
686 1 _aЧ426.24-382.71я7
700 1 _aСиротовский
_bИ. Я.
_gИлья Яковлевич
942 _cBOOK
980 _aNB